| 000 | 00499nam a22001817a 4500 | ||
|---|---|---|---|
| 008 | 150518b xxu||||| |||| 00| 0 eng d | ||
| 020 | _a9780073384399 | ||
| 041 | 0 | _aeng | |
| 080 | _a512 | ||
| 100 | _aBello, Ignacio. | ||
| 245 | 0 | 0 |
_aIntroductory algebra : _cIgnacio Bello. |
| 250 | _a4th ed. | ||
| 260 |
_aNew York, NY : _bMcGraw-Hill, _cc2012. |
||
| 300 |
_a 758, [44] f _bme il _c28 cm. |
||
| 500 | _aIncludes index. | ||
| 650 | 0 |
_aAlgebra _vTextbooks. |
|
| 942 |
_2udc _cBK |
||
| 999 |
_c813 _d813 |
||